Every city in Mendoza, Argentina - Statistics

General Stats
  • This quiz has been taken 138 times
  • The average score is 19 of 152
Answer Stats
City name Population % Correct
Mendoza 114,893
85%
Godoy Cruz 191,299
81%
Maipú 106,662
81%
San Rafael 118,009
77%
Guaymallén 252,618
73%
Las Heras 189,067
69%
Luján de Cuyo 82,615
69%
Malargüe 21,619
69%
San Martín 79,476
65%
Tupungato 13,218
62%
Tunuyán 28,859
58%
Santa Rosa 2,509
54%
Junín 6,324
46%
Potrerillos 292
42%
Rivadavia 31,038
42%
San Carlos 3,886
42%
Uspallata 3,810
42%
General Alvear 29,909
35%
La Paz 7,872
35%
Cacheuta 636
27%
Las Catitas 3,621
27%
25 de Mayo 1,450
19%
Desaguadero 424
19%
La Consulta 8,241
19%
Las Cuevas 8
19%
Villa Tulumaya 7,870
19%
Agrelo 2,147
15%
Las Leñas 9
15%
Las Vegas 450
15%
Monte Comán 3,529
15%
Perdriel 8,531
15%
Polvaredas 128
15%
San José 1,445
15%
Ugarteche 4,561
15%
Bowen 4,939
12%
Cruz de Piedra 1,536
12%
El Carrizal 344
12%
El Salto 297
12%
Eugenio Bustos 5,591
12%
La Colonia 9,403
12%
Las Compuertas 827
12%
Pareditas 1,021
12%
Puente del Inca 126
12%
Punta de Vacas 18
12%
Real del Padre 3,635
12%
Rodeo del Medio 12,327
12%
Agua Escondida 443
8%
Carmensa 941
8%
Chapanay 1,486
8%
Chilecito 1,033
8%
Colonia Las Rosas 2,169
8%
Cordón del Plata 1,713
8%
Costa de Araujo 2,816
8%
El Manzano 26
8%
El Nihuil 1,030
8%
Fray Luis Beltrán 4,735
8%
Jocolí 684 | 804
8%
Jocolí Viejo 422
8%
La Dormida 2,270
8%
Los Campamentos 1,062
8%
Los Penitentes 2
8%
Medrano 1,598 | 817
8%
Rama Caída 850
8%
Tres Porteñas 2,545
8%
Villa Atuel 3,311
8%
Alto Verde 1,627
4%
Barrancas 194
4%
Barrio Campos El Toledano 956
4%
Barrio Chivilcoy 403
4%
Barrio Empleados de Comercio 208
4%
Barrio Jocolí II 163
4%
Barrio Los Jarilleros 831
4%
Barrio Perdriel IV 371
4%
Blanco Encalada 555
4%
Chivilcoy 550
4%
Colonia Segovia 4,271
4%
Cuadro Benegas 1,253
4%
El Paramillo 90
4%
El Ramblón 159
4%
El Sosneado 65
4%
El Vergel 362
4%
Goudge 2,126
4%
Ingeniero Giagnoni 594
4%
Ingeniero Gustavo André 288
4%
Jaime Prats 419
4%
La Libertad 582
4%
La Llave Nueva 499
4%
Las Malvinas 232
4%
Los Árboles 362
4%
Los Barriales 4,572
4%
Los Compartos 439
4%
Los Reyunos 18
4%
Montecaseros 1,106
4%
Mundo Nuevo 295
4%
Phillips 894
4%
Pobre Diablo 526
4%
Puente de Hierro 7,524
4%
Punta del Agua 382
4%
Reducción de Abajo 490
4%
Rodríguez Peña 751
4%
Russell 1,416
4%
Salto de las Rosas 1,343
4%
San Roque 5,093
4%
Santa María de Oro 609
4%
Villa Antigua 311
4%
Villa Atuel Norte 271
4%
Vista Flores 4,358
4%
3 de Mayo 516
0%
Andrade 216
0%
Barrio 12 de Octubre 177
0%
Barrio Alto del Olvido 266
0%
Barrio Belgrano Norte 1,392
0%
Barrio Carrasco 135
0%
Barrio Cooperativa Los Campamentos 267
0%
Barrio El Cepillo 109
0%
Barrio El Nevado 160
0%
Barrio Emanuel 75
0%
Barrio Intendencia 120
0%
Barrio Jesús de Nazaret 399
0%
Barrio la Estación 111
0%
Barrio Lagunas de Bartoluzzi 290
0%
Barrio La Palmera 136
0%
Barrio La Pega 392
0%
Barrio Los Charabones 227
0%
Barrio Los Olivos 73
0%
Barrio María Auxiliadora 94
0%
Barrio Molina Cabrera 239
0%
Barrio Nuestra Señora de Fátima 203
0%
Barrio Rivadavia 408
0%
Barrio San Cayetano 161
0%
Barrio Virgen del Rosario 211
0%
Campo Los Andes 538
0%
Capitán Montoya 362
0%
Costa Flores 297
0%
El Espino 376
0%
El Mirador 783
0%
El Pedregal 232
0%
El Peral 541
0%
El Tropezón 462
0%
El Zampal 177
0%
La Arboleda 540
0%
La Central 802
0%
La Esperanza 200
0%
La Florida 1,518
0%
La Primavera 1,164
0%
Las Violetas 87
0%
Los Corralitos 942
0%
Los Sauces 661
0%
Nueva California 208
0%
Villa Teresa 316
0%
No matching quizzes found
Score Distribution
Percent of People with Each Score
Percentile by Number Answered
Your Score History
You have not taken this quiz